[Event "Niedersachsen-ch U16"]
[Site "Norderney"]
[Date "2014.04.13"]
[Round "4"]
[White "Kragge, Jan"]
[Black "Heckmann, Valentin"]
[Result "1/2-1/2"]
[WhiteElo "1679"]
[BlackElo "1221"]
[PlyCount "98"]
[EventDate "2014.04.??"]
[EventType "swiss"]
[EventRounds "9"]
[EventCountry "GER"]
[SourceTitle "EXT 2017"]
[Source "ChessBase"]
[SourceDate "2016.10.25"]
[SourceVersion "1"]
[SourceVersionDate "2016.10.25"]
[SourceQuality "1"]

1. e4 c5 2. Nf3 d6 3. d4 cxd4 4. Nxd4 Nf6 5. Nc3 g6 6. Be2 Bg7 7. 0-0 0-0 8. Bg5 Nc6 9. Nb3 Be6 10. f4 h6 11. Bh4 Kh7 12. Bf3 Rc8 13. Kh1 Qd7 14. Qd2 Bg4 15. Rad1 Nb4 16. Qe2 Bxf3 17. Rxf3 Qg4 18. Be1 Nh5 19. Qf2 Rc4 20. h3 Qe6 21. Nd4 Bxd4 22. Rxd4 Rxd4 23. Qxd4 Nxc2 24. Qf2 Nxe1 25. Qxe1 Rc8 26. Qe3 b6 27. Qd4 Rc4 28. Qd3 f5 29. exf5 gxf5 30. Re3 Nxf4 31. Rxe6 Nxd3 32. Rxe7+ Kg8 33. Rxa7 Nxb2 34. Nb5 d5 35. Rd7 Rc5 36. Nc7 Ra5 37. Nxd5 Rxa2 38. Nxb6 Ra1+ 39. Kh2 Rd1 40. Re7 Rd2 41. Nd7 Nd3 42. Nf6+ Kf8 43. Rd7 f4 44. Ne4 Re2 45. Rxd3 Rxe4 46. h4 Ke7 47. Kh3 Ke6 48. Kg4 Ke5 49. Kf3 h5 1/2-1/2